000 00684nas a2200241 i 4500
001 1988
003 ES-MaACL
005 20250724062556.0
007 t|
008 950801d18811892po | | 1 ||or d
245 0 0 _aRevista de Portugal.
260 _a[Porto :
_bLugan & Genelioux,
_c1881-1892.
300 _a1 v. ;
_c24 cm.
362 0 _av. 1, n. 1 (1 julho 1889)-(1892)
500 _aEjemplar falto de portada.
500 _aFundada y dirigida por: Eça de Queiroz.
650 7 _aCultura
_2embne
_9170963
651 4 _aPortugal-
_xHistoria.
_96241
651 _aPortugal-
_xCivilización.
_99249
852 _aES-MaACL
_jG-8901
866 0 _o(1892).
999 _c1988
_d1988